| 000 | 00562nam a2200241Ia 4500 | ||
|---|---|---|---|
| 999 |
_c98927 _d98927 |
||
| 003 | 0100 | ||
| 005 | 20181002113543.0 | ||
| 008 | 130307s9999 xx 000 0 und d | ||
| 020 | _a0435967517 | ||
| 040 | _cARRUPELIB | ||
| 050 |
_aHX771.3 A3 _bF73 1979 |
||
| 100 |
_aVon Freyhold , Michaela _942683 |
||
| 245 |
_aUjamaa villages in Tanzania _banalysis of a social experiment _cMichaela Von Freyhold |
||
| 260 |
_aLondon _bHeinemann _c1979 |
||
| 300 |
_axviii, 201p. ; _c21cm. |
||
| 650 |
_aCollective settlement _zTanzania _942684 |
||
| 650 |
_aRural development _zTanzania _95321 |
||
| 942 | 0 | 0 |
_03 _2lcc _cMONOGRAPH |